Systém na zaznamenávanie dochádzky pomocou technológie NFC, mobilná aplikácia bakalárska práca

Saved in:
Bibliographic Details
Main Author: Kruk, Miloš
Corporate Author: Fakulta hospodárskej informatiky EU. Katedra aplikovanej informatiky
Other Authors: Pittner, Ján
Format: Book
Language:Slovak
Published: Bratislava 2017
Tags: Add Tag
No Tags, Be the first to tag this record!

MARC

LEADER 00000nbm a2200000 4500
001 0233069
005 20180413145256.5
041 0 |a slo 
044 |a SK 
245 1 0 |a Systém na zaznamenávanie dochádzky pomocou technológie NFC, mobilná aplikácia  |b bakalárska práca  |c Miloš Kruk ; školiteľ: Ján Pittner 
264 1 |a Bratislava  |c 2017 
300 |a 40 s. 
100 1 |a Kruk, Miloš 
700 1 |a Pittner, Ján 
710 2 |a Fakulta hospodárskej informatiky EU. Katedra aplikovanej informatiky